Responses for show #8337 - Tuesday, February 16, 2021

Contestants

[<< previous game]

Pam Sung, a physician scientist from Philadelphia, Pennsylvania

Joe Satran, a writer originally from Montclair, New Jersey

Phil Hoffman, a graduate student originally from Mountain Lakes, New Jersey (whose 1-day cash winnings total $14,195)

[next game >>]

Jeopardy! Round responses

BABY
YUKON
DRIVE MY CAR
IT HAPPENS IN GENESIS
HOOPS
DIFFERS BY ONE LETTER
(Ken: Each response will have two words, one letter apart.)
    $200 17
Gerber

Joe
    $200 15
iron

Phil
    $200 24
Jeep

Pam
    $200 26
Cain & Abel

Joe
    $200 25
Michael Jordan

Phil
    $200 10
(Ken: Right, not the same thing, by the way.)
[Laughter]

a mother & a bother

Pam
    $400 12
"The Wheels On The Bus"

Phil
    $400 5
the Mounties

Joe
    $400 18
Mercedes

Phil
    $1,000 1
Sodom & Gomorrah

Phil
    $400 27
UCLA

Pam
    $400 11
blink & blank

Joe
    $600 16
soy

Pam
    $600 6
the tundra

Joe
    $600 19
Kia

Joe
    $600 2
(Ken: Your namesake.)

Joseph

Joe
    $600 28
the NBA Bubble

Phil
    $600 9
a monkey & a donkey

Pam
    $800 22
incisor

Pam
    $800 7
a Malamute

Pam
    $800 20
BMW

Pam
    $800 3
Rebecca

Phil
    $800 29
(Pam: Who are the Spark?)

the L.A. Sparks

Pam
Triple Stumper
    $800 13
a clamp & a clump

Pam
    $1000 23
Apgar

Pam
    $1000 8
the Klondike

Phil
    $1000 21
Ferrari

Phil
    $1000 4
Methuselah

Joe
    $1000 30
Jimmy Butler

Triple Stumper
    $1000 14
Walloon & balloon

Joe

Scores at the first commercial break (after clue 15):

Phil Joe Pam
$3,400 $4,000 $2,400

Scores at the end of the Jeopardy! Round:

Phil Joe Pam
$5,600 $5,000 $5,400

Double Jeopardy! Round responses

ALPHABET ROCKERS & RAPPERS
AMERICAN HISTORY
PIECE OF CAKE
LITERATURE
NATURAL CONSTRUCTION
DOUBLE CONSONANT WORDS
(Ken: Each response in that category will have two of the same consonant in a row.)
    $400 29
AC/DC

Pam
    $400 25
(Joe: What is St. Paul?)

Jefferson City

JoePam
    $400 11
(Ken: Yes, it looks good.)

a rainbow cake

Joe
    $400 27
the Brothers Grimm

Phil
    $400 20
a beaver

Pam
    $400 17
a witness

Pam
    $800 30
LL Cool J

Pam
    $800 24
Harvard

Pam
    $800 10
(Joe: What is Epiphany?)

Mardi Gras

JoePam
    $800 12
Dr. Jekyll

Phil
    $800 21
termites

Phil
    $800 18
an annulment

Joe
    $1200 23
ZZ Top

Joe
    $1200 8
Daguerre

Joe
    $1200 9
red velvet

Pam
    $1200 5
Aphrodite

Joe
    $1200 26
prairie dogs

Phil
    $1200 13
a sabbatical

Phil
    $1600 16
(Ken: Yes, you were probably inspired by my amazing reading of it.)
[Chuckles]

Run-DMC

Pam
    $5,400 3
(Joe: Who are the White Bears?)

the Polar Bears

Joe
    $1600 7
Sachertorte

Phil
    $1600 1
(Phil: What is "Do not go gentle into that dark night"?)
(Joe: "Do not go gently into the--dark night"? [Winces] Into the night.)
(Pam: What is "Do not go gently into that dark night"?)
(Ken: No, I'm sorry. You all rewrote Dylan Thomas a tiny bit.)

go gentle into that good night

PhilJoePam
Triple Stumper
    $1600 28
algae

Pam
    $1600 14
an offering

Phil
    $2000 22
ELO

Triple Stumper
    $2000 6
(Joe: What is the Missouri Compromise?)

The Compromise of 1850

Joe
Triple Stumper
    $2,000 4
tres leches cake

Joe
    $2000 2
Le Morte d'Arthur

Joe
    $2000 19
weavers

Pam
    $2000 15
a haddock

Triple Stumper

Scores at the end of the Double Jeopardy! Round:

Phil Joe Pam
$11,600 $3,600 $14,200

[wagering suggestions for these scores]

Final Jeopardy! Round responses

GEOGRAPHIC NAMESAKES
(Ken: This surveyor felt that his name would be difficult to write or speak in local languages such as Hindi.)
...
(Ken: [To Phil] This was George [*], Surveyor-General of India.)
JoeWhat is Bombay?
$2,801
PhilWhat is Mount Everest?
$11,595
PamWhat is Taj Mahal?
$10,000
Mount Everest

Final scores:

Phil Joe Pam
$23,195 $799 $4,200
2-day champion: $37,390 3rd place: $1,000 2nd place: $2,000

Game dynamics:

Coryat scores:

Phil Joe Pam
$11,000 $9,000 $14,200
16 R
(including 1 DD),
1 W
16 R
(including 1 DD),
5 W
(including 1 DD)
21 R,
2 W

Combined Coryat: $34,200

The J! Archive is created by fans, for fans. The Jeopardy! game show and all elements thereof, including but not limited to copyright and trademark thereto, are the property of Jeopardy Productions, Inc. and are protected under law. This website is not affiliated with, sponsored by, or operated by Jeopardy Productions, Inc. Join the discussion at JBoard.tv.